000
00289nam a2200121Ia 4500
008
220204s9999 xx 000 0 und d
082
_a
531
_b
TIT
100
_a
Rimmer, J G
245
0
_a
Applied mechanics
260
_a
London
_b
McGraw Hill
_c
1970
700
_a
Titherington, D
942
_c
BK
999
_c
22409
_d
22409